A Clash of Kings: Most Mentioned Quiz Stats

 Plays Quiz Updated Feb 3, 2019

Score 0/50 Timer 06:00
12 Plays Today
# of Mentions Character % Correct
632Tyrion Lannister
96.2%
400Arya Stark
95.8%
348Jon Snow
95.4%
246Sansa Stark
94.1%
232Cersei Lannister
93.6%
256Robb Stark
92.4%
186Eddard Stark
92.3%
302Bran Stark
91.5%
161Jaime Lannister
91.4%
306Catelyn Stark
91.3%
224Daenerys Targaryen
90.1%
132Tywin Lannister
89.6%
284Joffrey Baratheon
87.5%
234Stannis Baratheon
87.4%
320Theon Greyjoy
85%
264Renly Baratheon
82.5%
132Petyr Baelish
81.1%
78Rickon Stark
80.9%
72Jorah Mormont
80.4%
222Robert Baratheon
78.6%
180Varys
77.5%
106Sandor Clegane
76.4%
110Samwell Tarly
76.4%
64Gregor Clegane
73.1%
214Jeor Mormont
73%
# of Mentions Character % Correct
144Davos Seaworth
68.8%
92Brienne of Tarth
67.8%
60Tommen Baratheon
67.2%
54Melisandre
66.6%
56Asha Greyjoy
63.5%
66Grand Maester Pycelle
60.7%
54Myrcella Baratheon
59.3%
102Hodor
59.2%
114Bronn
59%
72Balon Greyjoy
58.5%
124Gendry
56.3%
124Maester Luwin
54.8%
134Hot Pie
51%
78Shae
48.8%
116Rodrik Cassel
38.1%
66Jojen Reed
36.6%
151Yoren
35.4%
58Jaqen H'ghar
32.7%
108Lommy
32.5%
60Qhorin Halfhand
32.2%
70Lancel Lannister
31.6%
76Maester Cressen
24.5%
56Janos Slynt
24%
60Dontos Hollard
16%
58Jacelyn Bywater
15.2%

You're not logged in!

Compare scores with friends on all Sporcle quizzes.
OR
Log In

Show Comments

Extras

Top Quizzes Today


Score Distribution

Your Account Isn't Verified!

In order to create a playlist on Sporcle, you need to verify the email address you used during registration. Go to your Sporcle Settings to finish the process.

Report this User

Report this user for behavior that violates our Community Guidelines.

Details: